Vlastnosti hasiacej vody po hasení požiaru nebezpečných látok skladovaných v uzatvorených priestoroch

Saved in:
Bibliographic Details
Main Author: Halada, Michal, 1991- (Author)
Other Authors: Rantuch, Peter, 1985- (Thesis advisor)
Format: Manuscript Book
Language:Slovak
Published: Trnava : STU v Bratislave MTF UBEI, 2013
Subjects:
Online Access:VAIS
Tags: Add Tag
No Tags, Be the first to tag this record!

MARC

LEADER 00000ntm a22000003a 4500
001 stu269973
005 20150617230245.9
008 130703s2013----xo------------------slo-d
040 |a STU  |b slo 
041 0 |a slo 
044 |a xo 
100 1 |a Halada, Michal,  |d 1991-  |4 aut  |u M  |T MTF Materiálovotechnologická fakulta  |X 6399  |U M  |Y 60  |7 A000006399 
242 0 0 |a Properties of extinguishing the fire fighting water hazardous substances in confined spaces   |y eng 
245 1 |a Vlastnosti hasiacej vody po hasení požiaru nebezpečných látok skladovaných v uzatvorených priestoroch 
260 |a Trnava :  |b STU v Bratislave MTF UBEI,  |c 2013 
650 7 |a Occupational Health and Safety  |2 estusub 
650 7 |a hasenie  |2 stusub 
650 7 |a nebezpečné látky  |2 stusub 
700 1 |a Rantuch, Peter,  |d 1985-  |4 ths  |u M5000  |U MTF Materiálovotechnologická fakulta  |T MTF Ústav bezpečnosti, environmentu a kvality  |X 70853  |U M5000  |Y 85  |7 A000070853 
856 4 |a info a plný text  |u http://is.stuba.sk/zp/portal_zp.pl?podrobnosti=78651  |3 VAIS 
996 |c M*BP-6326  |l MMSKP  |s P  |a 0  |w stu269973_0001